000 00754cab a2200265 4500
001 ABS48431
008 090401t1993 xxu||||| |||| 00| 0 eng d
035 _a(Sirsi) u66669
041 _aeng
100 _aFaulder, S.
245 _aCharting the legal boundaries of GIS
260 _c1993
350 _a0
490 _aGIS Europe
_v2(3) April 1993, 10-11(2)
520 _aLooks at some legal aspects of GIS and the problems of data collection.
650 _aCOPYRIGHT DESIGNS AND PATENTS ACT 1988
650 _aCOPYRIGHT
650 _aDATA PROTECTION ACT 1984
650 _aEC DIRECTIVES
650 _aGIS
690 _aMANAGEMENT-BUSINESS MANAGEMENT-INFORMATION MANAGEMENT
700 _aMoss, G.
942 _n0
948 _c04/03/1997
999 _c41643
_d41643